000 00826nam a22002297a 4500
999 _c10094
_d10094
003 AR-CdUCM
008 190329b ||||| |||| 00| 0 spa d
040 _aMUNICIPALIDAD PROVINCIAL DEL CUSCO
_cBIBLIOTECA MUNICIPAL DEL CUSCO
082 _a520 /
_bF56 / 1904
100 _aFlammarion , Camille,
_926749
245 _aAstronomía de las damas /
260 _aParís :
_bImprenta de la V° de C. BOURET,
_c1904.
300 _a360 paginas ;
_bIlustraciones,
_c17 cm.
505 _aContenido : La contenplación del cielo -- Las constelaciones -- La estrellas, soles de lo infinito -- Nuestra estrella el sol -- Los planetas...
650 _aLos planetas
_926750
650 _aSistema solar
_926751
650 _aluna
_922676
650 _aTierra
_9337
650 _aCometas
_926752
942 _2ddc
_cLIBROS
945 _awnts